01723nam a2200301 a 450000100100000000500170001000800410002704000250006808200200009310000290011324501320014226000340027430000210030849000690032949000280039850000630042659000260048965000810051571000510059683000760064783000350072395201340075895201340089295201340102695201190116095201250127999900170140400001694720240307073946.0100312s1987 dr r 000 0 spa d aDO-SdBNPbspacBNPHU a378.7293bL258i1 aLandolfi, Ciriaco92426413aEl imperio español versus la Universidad Santo Tómas de Aquino :b(memorias de una querella memorable) /cCiriaco Landolfi. aSanto Domingo :bUASD,c1987. a147 p. ;c22 cm.1 aPublicaciones de la Universidad Autónoma de Santo Domingov5891 aHistoria y sociedadv80 aIncluye datos biográficos del autor en la contracubierta aInventariado, 2018/BT 4aUniversidad santo tomás de aquinozRepública DominicanaxHistoria9374651 aUniversidad Autónoma de Santo Domingo972951 0aPublicaciones de la Universidad Autónoma de Santo Domingon589937466 0aHistoria y sociedadn80937467 001054708DSaGRbGRcHDd2010-03-12iLF1l0o378.7293 L258ip16947-220r2020-06-25te. 3w2020-06-25yLFDSZPréstamo en sala 001054708DSaGRbGRcHDd2015-04-16iLF1l0o378.7293 L258ip16947-230r2020-06-25te. 4w2020-06-25yLFDSZPréstamo en sala 001054708DSaGRbGRcHDd2018-06-08iLF1l0o378.7293 L258ip16947-240r2020-06-25te. 5w2020-06-25yLFDSZPréstamo en sala 0010718PDaPDbPDcHDd2010-03-12iLF1l0o378.7293 L258ip16947-190r2020-06-25w2020-06-25yLFPDZNo se presta 0010718PDaPDbPDcHDd2010-03-12iLF1l0o378.7293 L258ip16947-210r2020-06-25te. 2w2020-06-25yLFPDZNo se presta c16479d16479